000 004940000a22001810004500
003 MACL
005 20151010112628.0
008 151010b xxu||||| |||| 00| 0 eng d
040 _aMACL
_cMACL
041 _aEnglish
082 _a920
100 _aParthasarathi, G
_911992
245 _aIndira Gandhi
_bStatesmen Scholars, Scientists And Friends Remember
260 _bVikas Publishing House Pvt. Ltd.
_c1985
_aNew Delhi
350 _a200
650 _aBiography
_914245
942 _cBK
_k920
_2ddc
999 _c5976
_d5976